[Event "Royal City Masters"]
[Site "Guelph CAN"]
[Date "2025.08.04"]
[Round "6.2"]
[White "Sai, Krishna GV"]
[Black "Kantans, Toms"]
[Result "0-1"]
[WhiteElo "2390"]
[BlackElo "2515"]
[WhiteFideId "-1"]
[WhiteFideId "-1"]
[PlyCount "148"]
[GameId "2207146703192064"]
[EventDate "2025.08.01"]
[EventType "swiss"]
[EventRounds "9"]
[EventCountry "CAN"]

1. e4 c5 2. Nf3 Nc6 3. d4 cxd4 4. Nxd4 g6 5. Nc3 Bg7 6. Be3 Nf6 7. Bc4 O-O 8. Bb3 Re8 9. O-O d6 10. h3 Na5 11. Qd2 a6 12. Bh6 b5 13. Rfe1 Bh8 14. Nf3 Bb7 15. Ng5 Nxb3 16. axb3 Qc8 17. Re3 Qc5 18. Rae1 Rac8 19. R1e2 a5 20. Qe1 Nd7 21. Nd5 e6 22. Nf4 b4 23. Qd1 Ne5 24. Rd2 Bf6 25. h4 a4 26. Nd3 Nxd3 27. Rexd3 a3 28. bxa3 bxa3 29. Rf3 a2 30. Rxf6 Qc3 31. Rxf7 a1=Q 32. Rxb7 Rc7 33. Rxc7 Qxd1+ 34. Rxd1 Qxc7 35. c4 d5 36. cxd5 Qc2 37. Ra1 exd5 38. Ra7 Qd1+ 39. Kh2 Qd4 40. Rxh7 dxe4 41. Rg7+ Qxg7 42. Bxg7 Kxg7 43. Kg3 e3 44. fxe3 Rxe3+ 45. Kf4 Rxb3 46. Kg4 Rb4+ 47. Kg3 Kf6 48. Nf3 Kf5 49. Ng5 Rb3+ 50. Nf3 Ra3 51. Kh3 Kf4 52. Kh2 Rd3 53. Kh3 Re3 54. Kh2 Kg4 55. h5 Kxh5 56. Kg3 Ra3 57. Kf4 Ra4+ 58. Kg3 Kh6 59. Ne5 Kg5 60. Nf3+ Kf6 61. Nh2 Kf5 62. Nf3 Ra3 63. Kh2 Kf4 64. Ng1 Ra2 65. Nh3+ Kg4 66. Ng1 Rf2 67. Nh3 Rf5 68. Ng1 Rh5+ 69. Nh3 g5 70. Kg1 Rxh3 71. gxh3+ Kxh3 72. Kh1 Kg3 73. Kg1 g4 74. Kh1 Kf2 0-1

[Event "Royal City Masters"]
[Site "Guelph CAN"]
[Date "2025.08.04"]
[Round "6.3"]
[White "Sheng, Joshua"]
[Black "Noritsyn, Nikolay"]
[Result "0-1"]
[WhiteElo "2480"]
[BlackElo "2462"]
[WhiteFideId "-1"]
[WhiteFideId "-1"]
[PlyCount "122"]
[GameId "2207146703233024"]
[EventDate "2025.08.01"]
[EventType "swiss"]
[EventRounds "9"]
[EventCountry "CAN"]

1. e4 e5 2. Nf3 Nc6 3. Bb5 a6 4. Ba4 Nf6 5. O-O Be7 6. d3 b5 7. Bb3 O-O 8. a4 Bb7 9. Nc3 Na5 10. Ba2 b4 11. Ne2 d5 12. exd5 Bxd5 13. Bxd5 Qxd5 14. Ng3 Rfe8 15. b3 Nc6 16. Bb2 Bc5 17. Re1 Rad8 18. h3 Bb6 19. Qd2 Nd7 20. Qg5 f6 21. Qg4 Qf7 22. Qe4 Nc5 23. Qg4 Ne6 24. Qc4 Ned4 25. Qxf7+ Kxf7 26. Bxd4 Nxd4 27. Nxd4 Bxd4 28. Rad1 g6 29. Ne2 Bb6 30. g4 Re6 31. Ng3 Rc6 32. Rd2 Rd5 33. Kg2 Bd4 34. Ne2 Bc5 35. Ng3 Bf8 36. f3 Rdc5 37. Ree2 Bh6 38. Ne4 Rd5 39. Rd1 Bf4 40. Rf1 h5 41. gxh5 gxh5 42. Ng3 Kg6 43. Rff2 h4 44. Nf1 Rdc5 45. Kg1 Kf7 46. Rg2 a5 47. Nh2 f5 48. Kf1 Bg3 49. Kg1 Kf6 50. Kf1 Kg5 51. Kg1 Kf4 52. Nf1 Rg6 53. Ne3 Re6 54. Kf1 Rf6 55. Rg1 Kxf3 56. Ng2 f4 57. Ne1+ Bxe1 58. Kxe1 e4 59. dxe4 Rc3 60. e5 Re6 61. Kd2 Rxc2+ 0-1

[Event "Royal City Masters"]
[Site "Guelph CAN"]
[Date "2025.08.04"]
[Round "6.4"]
[White "Posthuma, Joshua"]
[Black "Panjwani, Raja"]
[Result "1/2-1/2"]
[WhiteElo "2380"]
[BlackElo "2423"]
[WhiteFideId "-1"]
[WhiteFideId "-1"]
[PlyCount "72"]
[GameId "2207146703253504"]
[EventDate "2025.08.01"]
[EventType "swiss"]
[EventRounds "9"]
[EventCountry "CAN"]

1. d4 d6 2. e4 Nf6 3. f3 e5 4. dxe5 dxe5 5. Qxd8+ Kxd8 6. Bc4 Ke8 7. Be3 Nbd7 8. Ne2 Bc5 9. Kf2 Bxe3+ 10. Kxe3 Nb6 11. Nd2 Ke7 12. Rhd1 Rd8 13. Bb3 a5 14. Nc4 Nxc4+ 15. Bxc4 Rxd1 16. Rxd1 a4 17. a3 c6 18. g4 Ne8 19. Ng3 Nd6 20. Bd3 g6 21. Kd2 Be6 22. Nf1 h5 23. gxh5 gxh5 24. Ne3 Rg8 25. Ke2 b5 26. Kf2 Kf6 27. Be2 Ke7 28. h4 f6 29. c3 Nf7 30. c4 bxc4 31. Bxc4 Rb8 32. Rd2 Nd6 33. Bxe6 Kxe6 34. Rc2 Kd7 35. Rd2 Kc7 36. Rc2 Kd7 1/2-1/2

[Event "Royal City Masters"]
[Site "Guelph CAN"]
[Date "2025.08.04"]
[Round "6.5"]
[White "Atanasov, Anthony"]
[Black "Liang, Jason"]
[Result "1/2-1/2"]
[WhiteElo "2411"]
[BlackElo "2409"]
[WhiteFideId "-1"]
[WhiteFideId "-1"]
[PlyCount "181"]
[GameId "2207146703253504"]
[EventDate "2025.08.01"]
[EventType "swiss"]
[EventRounds "9"]
[EventCountry "CAN"]

1. d4 d5 2. c4 e6 3. cxd5 exd5 4. Bf4 Bd6 5. Bxd6 Qxd6 6. e3 Ne7 7. Nc3 c6 8. Nf3 O-O 9. Be2 Bg4 10. O-O Nd7 11. h3 Bxf3 12. Bxf3 Nf6 13. Qb3 Rab8 14. a4 Nf5 15. Rfc1 Qe7 16. a5 a6 17. Be2 Nd6 18. Bd3 Rfe8 19. Na4 g5 20. Qd1 Nfe4 21. Bxe4 Qxe4 22. Nc5 Qg6 23. Qf3 Re7 24. Ra4 Rc8 25. Rb4 Rcc7 26. Rb6 Kg7 27. Qg3 Nf5 28. Qh2 h6 29. Kh1 Kh7 30. Nd3 f6 31. Nc5 Qe8 32. Rd1 Qd8 33. Rb3 Kg6 34. g4 Nd6 35. f4 Ne4 36. f5+ Kf7 37. h4 Nxc5 38. dxc5 Kg8 39. Kg2 Re4 40. Kf3 h5 41. hxg5 hxg4+ 42. Kg2 Rh7 43. Qg3 d4 44. g6 Rhe7 45. Rbd3 Qd5 46. Kg1 Qxf5 47. Rxd4 Rxe3 48. Qh4 Rh3 49. Qxg4 Qxg4+ 50. Rxg4 Kg7 51. Kf2 Rh2+ 52. Kg3 Rh5 53. b4 f5 54. Rgd4 Kxg6 55. Rd8 Re3+ 56. Kf2 Re4 57. Rg8+ Kf6 58. Rd6+ Ke5 59. Kg3 Re3+ 60. Kf2 Re4 61. Kg3 Re3+ 62. Kf2 Kf4 63. Rd7 Rh2+ 64. Rg2 Rxg2+ 65. Kxg2 Re2+ 66. Kf1 Rb2 67. Rxb7 Kf3 68. Kg1 f4 69. Rc7 Kg3 70. Rg7+ Kf3 71. Rg6 Rb1+ 72. Kh2 Rb2+ 73. Kg1 Rxb4 74. Rxc6 Rb1+ 75. Kh2 Rb2+ 76. Kg1 Rg2+ 77. Kh1 Rg5 78. Rxa6 Kg3 79. Kg1 Kf3+ 80. Kf1 Rxc5 81. Ke1 Rc1+ 82. Kd2 Ra1 83. Ra8 Kg2 84. a6 f3 85. a7 Kf2 86. Kc3 Rc1+ 87. Kb4 Rc7 88. Kb5 Rg7 89. Kb6 Rg6+ 90. Kb5 Rg7 91. Kb6 1/2-1/2

[Event "Royal City Masters"]
[Site "Guelph CAN"]
[Date "2025.08.04"]
[Round "6.6"]
[White "Fedorowicz, John"]
[Black "Plotkin, Mark"]
[Result "1/2-1/2"]
[WhiteElo "2321"]
[BlackElo "2361"]
[WhiteFideId "-1"]
[WhiteFideId "-1"]
[PlyCount "76"]
[GameId "2209074796196925"]
[EventDate "2025.08.01"]
[EventType "swiss"]
[EventRounds "9"]
[EventCountry "CAN"]

1. d4 g6 2. e4 Bg7 3. Nf3 d6 4. Nc3 a6 5. a4 Nc6 6. Be2 Nf6 7. O-O O-O 8. h3 b6 9. Re1 Bb7 10. Bg5 h6 11. Bh4 e5 12. dxe5 Nxe5 13. Nxe5 dxe5 14. Bc4 c6 15. Qf3 Qe7 16. Bb3 Rad8 17. Qe3 Rd4 18. Bxf6 Qxf6 19. Ne2 Rb4 20. a5 bxa5 21. Nc3 Rd8 22. Rxa5 Bf8 23. Qg3 Bd6 24. Re3 Rd7 25. Qg4 Rc7 26. Rf3 Qg7 27. Rd3 Rd4 28. Ne2 Rxd3 29. cxd3 Bb4 30. Ra1 Qf6 31. Bc4 a5 32. f4 Bc8 33. f5 Kh7 34. Rf1 Bc5+ 35. Kh1 gxf5 36. exf5 Qg5 37. Qxg5 hxg5 38. b3 f6 1/2-1/2

[Event "Royal City Masters"]
[Site "Guelph CAN"]
[Date "2025.08.04"]
[Round "6.7"]
[White "Ling, Chenxuan"]
[Black "Song, Edward"]
[Result "1/2-1/2"]
[WhiteElo "2222"]
[BlackElo "2395"]
[WhiteFideId "-1"]
[WhiteFideId "-1"]
[PlyCount "81"]
[GameId "2209076031874117"]
[EventDate "2025.08.01"]
[EventType "swiss"]
[EventRounds "9"]
[EventCountry "CAN"]

1. d4 e6 2. c4 b6 3. Nc3 Bb7 4. Nf3 Nf6 5. e3 d5 6. Bd3 dxc4 7. Bxc4 a6 8. O-O b5 9. Be2 Nbd7 10. b3 Be7 11. Bb2 O-O 12. Rc1 c5 13. dxc5 Nxc5 14. Qxd8 Rfxd8 15. Rfd1 Rxd1+ 16. Rxd1 Rc8 17. Rc1 Kf8 18. Kf1 Rd8 19. Rd1 Rxd1+ 20. Nxd1 Nd5 21. Nd4 Nb4 22. a3 Nbd3 23. Bc3 Nc1 24. b4 Nxe2 25. Nxe2 Ne4 26. f3 Nd6 27. Nb2 f6 28. Nd4 Kf7 29. Ke2 e5 30. Nb3 Bd8 31. Nc5 Bc8 32. e4 Bb6 33. Bd2 a5 34. a4 axb4 35. Bxb4 bxa4 36. Nbxa4 Ba7 37. Nc3 Nb7 38. Nb5 Bxc5 39. Bxc5 Bd7 40. Nd6+ Nxd6 41. Bxd6 1/2-1/2

[Event "Royal City Masters"]
[Site "Guelph CAN"]
[Date "2025.08.04"]
[Round "6.9"]
[White "Kaufman, Raymond"]
[Black "Yang, Larry"]
[Result "0-1"]
[WhiteElo "2239"]
[BlackElo "2108"]
[WhiteFideId "-1"]
[WhiteFideId "-1"]
[PlyCount "44"]
[GameId "2209081197876368"]
[EventDate "2025.08.01"]
[EventType "swiss"]
[EventRounds "9"]
[EventCountry "CAN"]

1. d4 Nf6 2. c4 g6 3. f3 d5 4. cxd5 Nxd5 5. e4 Nb6 6. Nc3 Bg7 7. Be3 O-O 8. Qd2 Nc6 9. O-O-O e5 10. d5 Nd4 11. f4 c5 12. fxe5 Bg4 13. Re1 Bxe5 14. h3 Qh4 15. Bd3 Rac8 16. Bg5 Qh5 17. Nge2 Bxe2 18. Nxe2 c4 19. Nxd4 cxd3+ 20. Kb1 Nc4 21. Qxd3 Qxg5 22. Re2 Qf6 0-1

[Event "Royal City Masters"]
[Site "Guelph CAN"]
[Date "2025.08.04"]
[Round "6.10"]
[White "Perez Rodriguez, Luis Manuel"]
[Black "Woltery, Nicolai"]
[Result "1-0"]
[WhiteElo "2318"]
[BlackElo "2084"]
[WhiteFideId "-1"]
[WhiteFideId "-1"]
[PlyCount "89"]
[GameId "2209089038615704"]
[EventDate "2025.08.01"]
[EventType "swiss"]
[EventRounds "9"]
[EventCountry "CAN"]

1. e4 c5 2. Nf3 Nc6 3. c3 Nf6 4. e5 Nd5 5. Bc4 Nb6 6. Bb3 c4 7. Bc2 d6 8. exd6 Qxd6 9. O-O Bg4 10. Re1 O-O-O 11. b3 e6 12. bxc4 Nxc4 13. d4 Qc7 14. Qe2 N6a5 15. Nbd2 Nxd2 16. Bxd2 Bd6 17. h3 Bh5 18. Rab1 Kb8 19. Rb5 Bg6 20. Bxg6 hxg6 21. Reb1 Rd7 22. Ng5 Nc4 23. Ne4 Nxd2 24. Rxb7+ Qxb7 25. Nxd2 Qxb1+ 26. Nxb1 Rb7 27. Qd3 Rc8 28. g3 Rbc7 29. Qf3 e5 30. Qd5 Be7 31. Qxe5 Bf6 32. Qf4 Kb7 33. Kg2 Rd8 34. Qf3+ Kb6 35. Nd2 Rdc8 36. Ne4 Rc6 37. g4 g5 38. h4 gxh4 39. g5 Bxg5 40. Nxg5 Rg6 41. Qd5 h3+ 42. Kh2 Rxc3 43. a4 Rf6 44. Qb5+ Kc7 45. Qa5+ 1-0

[Event "Royal City Masters"]
[Site "Guelph CAN"]
[Date "2025.08.04"]
[Round "6.11"]
[White "Marchand, Calix"]
[Black "Chen, Yidong"]
[Result "1-0"]
[WhiteElo "2160"]
[BlackElo "2068"]
[WhiteFideId "-1"]
[WhiteFideId "-1"]
[PlyCount "105"]
[GameId "2209273850922219"]
[EventDate "2025.08.01"]
[EventType "swiss"]
[EventRounds "9"]
[EventCountry "CAN"]

1. e4 c5 2. Nc3 a6 3. g3 Nc6 4. Nf3 g6 5. d4 cxd4 6. Nxd4 Bg7 7. Nxc6 bxc6 8. Bg2 Rb8 9. O-O d6 10. Qd2 Bd7 11. b3 Qc8 12. Bb2 Bh3 13. Na4 Bxb2 14. Nxb2 h5 15. Qc3 Nf6 16. Nc4 Kf8 17. Nxd6 Qe6 18. Nc4 Bxg2 19. Kxg2 h4 20. Qe5 Qc8 21. Nd6 exd6 22. Qxf6 Kg8 23. Qxd6 hxg3 24. hxg3 Qh3+ 25. Kf3 Qh5+ 26. g4 Qh3+ 27. Qg3 Kg7 28. Rh1 Qxg3+ 29. Kxg3 Rhe8 30. f3 c5 31. Rad1 c4 32. Rd6 Ra8 33. Rhd1 cxb3 34. cxb3 a5 35. R1d4 Reb8 36. g5 a4 37. Rxa4 Rxa4 38. bxa4 Rb2 39. a5 Rxa2 40. a6 Ra3 41. Rf6 Ra5 42. f4 Kf8 43. Kf3 Ra3+ 44. Ke2 Kg7 45. Kd2 Kg8 46. Kc2 Kg7 47. Kb2 Ra4 48. Kb3 Ra1 49. Kb4 Kg8 50. Kb5 Kg7 51. Kb6 Rb1+ 52. Kc7 Rc1+ 53. Kb7 1-0

[Event "Royal City Masters"]
[Site "Guelph CAN"]
[Date "2025.08.04"]
[Round "6.12"]
[White "Vettese, Nicholas"]
[Black "Moses, Neil"]
[Result "1-0"]
[WhiteElo "2352"]
[BlackElo "2234"]
[WhiteFideId "-1"]
[WhiteFideId "-1"]
[PlyCount "81"]
[GameId "2209275507217651"]
[EventDate "2025.08.01"]
[EventType "swiss"]
[EventRounds "9"]
[EventCountry "CAN"]

1. e4 c5 2. Nf3 e6 3. d4 cxd4 4. Nxd4 a6 5. Bd3 Nf6 6. Qe2 d6 7. O-O Qc7 8. b3 Be7 9. Bb2 Nbd7 10. c4 O-O 11. Nc3 b6 12. Rae1 Bb7 13. Bb1 Rfe8 14. f4 Rad8 15. Nd1 g6 16. Kh1 Bf8 17. Nf3 Bg7 18. Nf2 b5 19. cxb5 axb5 20. Rc1 Qa5 21. Rfd1 Nb8 22. Rd2 d5 23. e5 Ne4 24. Rdc2 b4 25. Qe3 Nxf2+ 26. Qxf2 Rc8 27. Rc5 Rxc5 28. Rxc5 Qa6 29. h4 Bf8 30. Rc1 Rc8 31. Re1 Bg7 32. h5 Nd7 33. Bd4 Bc6 34. hxg6 fxg6 35. g4 Nf8 36. f5 exf5 37. gxf5 gxf5 38. Bxf5 Bd7 39. e6 Bxe6 40. Qg3 Qb7 41. Rxe6 1-0

[Event "Royal City Masters"]
[Site "Guelph CAN"]
[Date "2025.08.04"]
[Round "6.13"]
[White "Kot, Emanuel"]
[Black "Jaferian, Koosha"]
[Result "0-1"]
[WhiteElo "2166"]
[BlackElo "2285"]
[WhiteFideId "-1"]
[WhiteFideId "-1"]
[PlyCount "116"]
[GameId "2209278669382907"]
[EventDate "2025.08.01"]
[EventType "swiss"]
[EventRounds "9"]
[EventCountry "CAN"]

1. e4 c5 2. Nf3 e6 3. d4 cxd4 4. Nxd4 Nc6 5. Nc3 Bc5 6. Ndb5 Nf6 7. Bf4 O-O 8. Bc7 Qe7 9. Bd6 Bxd6 10. Qxd6 Qd8 11. O-O-O a6 12. Nd4 Ne7 13. h4 b5 14. h5 h6 15. g4 Bb7 16. f3 Nc6 17. Nxc6 Bxc6 18. Kb1 Qb8 19. Qd2 Nh7 20. Bd3 b4 21. Ne2 Ng5 22. Rhf1 e5 23. Bc4 Rc8 24. Ng3 Ba4 25. Bb3 Bb5 26. Rf2 a5 27. Nf5 Rc5 28. Bd5 Ra6 29. f4 Nh3 30. fxe5 Nxf2 31. Qxf2 Rxd5 32. Ne7+ Kf8 33. Nxd5 Re6 34. Nf4 Re8 35. Rd6 Kg8 36. Nd5 Bc6 37. Qf4 Qa7 38. Kc1 Qg1+ 39. Kd2 Qd4+ 40. Kc1 Qxe5 41. Qxe5 Rxe5 42. Nb6 Rxe4 43. Nxd7 Bxd7 44. Rxd7 Rxg4 45. Rd8+ Kh7 46. Rd7 f6 47. c3 bxc3 48. bxc3 Rg5 49. c4 Rc5 50. Rd4 Rxh5 51. Kc2 Rc5 52. Kd3 g5 53. Rd7+ Kg6 54. Kd4 Rc8 55. Ra7 h5 56. Rxa5 h4 57. Ra3 g4 58. c5 h3 0-1

[Event "Royal City Masters"]
[Site "Guelph CAN"]
[Date "2025.08.04"]
[Round "6.14"]
[White "Khaledi, Omid"]
[Black "Terry, Joshua"]
[Result "1-0"]
[WhiteElo "2270"]
[BlackElo "2155"]
[WhiteFideId "-1"]
[WhiteFideId "-1"]
[PlyCount "117"]
[GameId "2209280523744515"]
[EventDate "2025.08.01"]
[EventType "swiss"]
[EventRounds "9"]
[EventCountry "CAN"]

1. d4 Nf6 2. c4 g6 3. Nf3 Bg7 4. g3 O-O 5. Bg2 c5 6. O-O cxd4 7. Nxd4 Nc6 8. Nc3 Nxd4 9. Qxd4 d6 10. Qd3 Rb8 11. Be3 b6 12. Bd4 Bb7 13. Bxb7 Rxb7 14. Rad1 Qc8 15. b3 Rd8 16. Qf3 Rbd7 17. e4 Qb7 18. Rd3 Ne8 19. Bxg7 Kxg7 20. Rfd1 Nf6 21. Nd5 Nxd5 22. Rxd5 a6 23. h4 b5 24. cxb5 axb5 25. Qe2 b4 26. Rb5 Qa6 27. Qb2+ f6 28. Rxb4 Rc7 29. Rbd4 Rdc8 30. R4d2 Rc3 31. Re1 Qb5 32. Rde2 h5 33. Kg2 g5 34. hxg5 Qxg5 35. Qd2 Qg6 36. Qf4 R8c5 37. Re3 Rc2 38. R1e2 Rc1 39. b4 Rg5 40. Rb3 Rc4 41. b5 h4 42. b6 hxg3 43. fxg3 Qh5 44. Qf3 Qh8 45. b7 Rc1 46. Kf2 Rh5 47. b8=Q Rh2+ 48. Ke3 Qh6+ 49. Qf4 Rxe2+ 50. Kd3 Qh5 51. Qxc1 Rxa2 52. Qb6 Qe2+ 53. Kc3 Qxe4 54. Qd1 d5 55. Qbd4 Qg2 56. Q4g4+ Kf7 57. Qh5+ Kg7 58. Qdg4+ Kf8 59. Rb8# 1-0

[Event "Royal City Masters"]
[Site "Guelph CAN"]
[Date "2025.08.04"]
[Round "6.15"]
[White "Xu, Leon"]
[Black "Qian, Ashley"]
[Result "1-0"]
[WhiteElo "2046"]
[BlackElo "2134"]
[WhiteFideId "-1"]
[WhiteFideId "-1"]
[PlyCount "91"]
[GameId "2209291882943846"]
[EventDate "2025.08.01"]
[EventType "swiss"]
[EventRounds "9"]
[EventCountry "CAN"]

1. e4 c5 2. Nf3 d6 3. d4 cxd4 4. Nxd4 Nf6 5. Nc3 a6 6. Be3 e5 7. Nb3 Be7 8. f3 Be6 9. Qd2 h5 10. Be2 Nbd7 11. Nd5 Bxd5 12. exd5 a5 13. Rc1 O-O 14. c4 b6 15. O-O h4 16. Na1 Nh5 17. Nc2 f5 18. f4 Nhf6 19. Bd3 e4 20. Be2 Qe8 21. Bf2 Nh5 22. Nd4 Nc5 23. Ne6 Nxe6 24. dxe6 Rb8 25. Rc3 Nf6 26. Bxh4 Qc8 27. Bd1 Qc6 28. a4 Rbd8 29. Bb3 Rfe8 30. h3 Kf8 31. Bf2 Qb7 32. Qd4 Rb8 33. Be3 Qc8 34. Qd1 Rd8 35. Bd4 Qxe6 36. c5 d5 37. cxb6 Bb4 38. Rc1 Rxb6 39. Qc2 Rbd6 40. Qf2 Qf7 41. Rfd1 Qb7 42. Qh4 Qf7 43. Be5 R6d7 44. Rc6 Be7 45. Rdc1 Qh5 46. Rxf6+ 1-0

[Event "Royal City Masters"]
[Site "Guelph CAN"]
[Date "2025.08.04"]
[Round "6.16"]
[White "Windram, James"]
[Black "Plotkin, Victor"]
[Result "1-0"]
[WhiteElo "1984"]
[BlackElo "2282"]
[WhiteFideId "-1"]
[WhiteFideId "-1"]
[PlyCount "95"]
[GameId "2209294308394350"]
[EventDate "2025.08.01"]
[EventType "swiss"]
[EventRounds "9"]
[EventCountry "CAN"]

1. Nf3 d5 2. g3 Nf6 3. Bg2 c6 4. c4 h6 5. Qa4 e6 6. O-O Be7 7. cxd5 exd5 8. d3 O-O 9. e4 dxe4 10. dxe4 Nbd7 11. Rd1 Nc5 12. Qc2 Qa5 13. Nc3 Bg4 14. h3 Bh5 15. g4 Bg6 16. Nd4 Rad8 17. Be3 Qc7 18. Nf5 Bxf5 19. gxf5 Ncd7 20. Ne2 Rfe8 21. Rac1 Qa5 22. a3 Ne5 23. f4 Rxd1+ 24. Rxd1 Ned7 25. e5 Nd5 26. Bxd5 cxd5 27. Qd2 Qa6 28. Qd3 Qxd3 29. Rxd3 Bc5 30. Bxc5 Nxc5 31. Rxd5 Na4 32. Rd7 Rb8 33. b4 Nb6 34. Rd4 Rc8 35. Kf2 Kf8 36. Rd3 Rc2 37. Rc3 Ra2 38. Kf3 Ke8 39. Nd4 Na4 40. Rc7 Rxa3+ 41. Kg4 Nc3 42. e6 fxe6 43. fxe6 g6 44. f5 Nd5 45. fxg6 Ra1 46. Rxb7 Nf6+ 47. Kf5 Rf1+ 48. Ke5 1-0

[Event "Royal City Masters"]
[Site "Guelph CAN"]
[Date "2025.08.04"]
[Round "6.17"]
[White "Cummings, David"]
[Black "Gao, Heye"]
[Result "1-0"]
[WhiteElo "2252"]
[BlackElo "2068"]
[WhiteFideId "-1"]
[WhiteFideId "-1"]
[PlyCount "79"]
[GameId "2209296118338934"]
[EventDate "2025.08.01"]
[EventType "swiss"]
[EventRounds "9"]
[EventCountry "CAN"]

1. c4 c6 2. Nf3 d5 3. g3 Nf6 4. Bg2 dxc4 5. O-O Nbd7 6. Qc2 Nb6 7. Na3 Qd5 8. Ne1 Qe6 9. d3 cxd3 10. Nxd3 Qf5 11. Re1 e5 12. e4 Qe6 13. Nc5 Bxc5 14. Qxc5 Qe7 15. Qc3 O-O 16. b3 Nfd7 17. Nc2 Rd8 18. a4 Nf8 19. a5 Nbd7 20. Ba3 Qe6 21. Red1 f6 22. Rd6 Qe8 23. Rad1 Ne6 24. Qc4 b6 25. Rxe6 Qf7 26. Rxc6 Qxc4 27. bxc4 Re8 28. Bh3 Nf8 29. Bxc8 Raxc8 30. Rxc8 Rxc8 31. Bxf8 Kxf8 32. axb6 axb6 33. Ne3 Kf7 34. Rd7+ Kf8 35. Rd6 Rb8 36. Nd5 b5 37. c5 Rc8 38. c6 Ke8 39. c7 b4 40. Rb6 1-0

[Event "Royal City Masters"]
[Site "Guelph CAN"]
[Date "2025.08.04"]
[Round "6.18"]
[White "Wang, Nathan"]
[Black "Wang, Bingfei"]
[Result "0-1"]
[WhiteElo "1993"]
[BlackElo "1942"]
[WhiteFideId "-1"]
[WhiteFideId "-1"]
[PlyCount "34"]
[GameId "2209298318284158"]
[EventDate "2025.08.01"]
[EventType "swiss"]
[EventRounds "9"]
[EventCountry "CAN"]

1. e4 e6 2. d4 d5 3. Nc3 dxe4 4. Nxe4 Nd7 5. Nf3 Ngf6 6. Nxf6+ Nxf6 7. g3 b6 8. Bb5+ Bd7 9. a4 a6 10. Be2 Bc6 11. O-O Qd5 12. c4 Qe4 13. d5 Bb7 14. Bf4 Qf5 15. dxe6 fxe6 16. Nd4 Qh3 17. Bf3 Ng4 0-1

[Event "Royal City Masters"]
[Site "Guelph CAN"]
[Date "2025.08.05"]
[Round "7.1"]
[White "Preotu, Razvan"]
[Black "Kantans, Toms"]
[Result "0-1"]
[WhiteElo "2478"]
[BlackElo "2515"]
[WhiteFideId "-1"]
[WhiteFideId "-1"]
[PlyCount "86"]
[GameId "2202821214027776"]
[EventDate "2025.08.01"]
[EventType "swiss"]
[EventRounds "9"]
[EventCountry "CAN"]

1. e4 c5 2. Nf3 e6 3. d4 cxd4 4. Nxd4 Nc6 5. a3 Nf6 6. Nc3 d5 7. exd5 exd5 8. Be2 Bd6 9. Be3 O-O 10. Qd2 Re8 11. O-O-O a6 12. h3 Qc7 13. Kb1 Be6 14. g4 Rac8 15. g5 Nxd4 16. Bxd4 Bf4 17. Qd3 Ne4 18. Bg4 Bxg5 19. Rhg1 Bf6 20. Bxe6 Nxc3+ 21. Qxc3 Qxc3 22. Bxf7+ Kxf7 23. bxc3 Bxd4 24. Rxd4 Re5 25. Rf4+ Kg8 26. Rg3 g6 27. Rgf3 Rc7 28. Rf8+ Kg7 29. Rd8 Kh6 30. Kc1 Kh5 31. Kd2 Kh4 32. Rd6 Rce7 33. Kd3 Re1 34. Kd4 Ra1 35. Kxd5 Rxa3 36. Rb6 Rc7 37. Rb4+ Kh5 38. Rb3 Ra5+ 39. Kd6 Rc6+ 40. Ke7 Re5+ 41. Kd7 Rd5+ 42. Ke7 b5 43. Rd3 Rf5 0-1

[Event "Royal City Masters"]
[Site "Guelph CAN"]
[Date "2025.08.05"]
[Round "7.2"]
[White "Noritsyn, Nikolay"]
[Black "Panjwani, Raja"]
[Result "0-1"]
[WhiteElo "2462"]
[BlackElo "2423"]
[WhiteFideId "-1"]
[WhiteFideId "-1"]
[PlyCount "74"]
[GameId "2207496738914304"]
[EventDate "2025.08.01"]
[EventType "swiss"]
[EventRounds "9"]
[EventCountry "CAN"]

1. e4 e5 2. Nf3 Nc6 3. Bc4 Nf6 4. d3 h6 5. a3 d6 6. Nc3 g6 7. Be3 Bg7 8. h3 Be6 9. Bxe6 fxe6 10. Ne2 Nh5 11. Ng3 Nf4 12. O-O Qf6 13. c3 h5 14. h4 Bh6 15. d4 g5 16. dxe5 dxe5 17. Nxh5 Qg6 18. Ng3 gxh4 19. Nxh4 Qh7 20. Nf3 Bf8 21. Re1 Bd6 22. Qb3 O-O-O 23. Kf1 Kb8 24. Bxf4 exf4 25. Ne2 e5 26. Neg1 Qh1 27. Rad1 Rhg8 28. Qe6 Qxg2+ 29. Ke2 Bc5 30. Nh3 Rg3 31. Rxd8+ Nxd8 32. Qd7 Qxf3+ 33. Kd2 Rg8 34. Qd5 Rh8 35. Ng5 Qxf2+ 36. Re2 Be3+ 37. Kd3 Qf1 0-1

[Event "Royal City Masters"]
[Site "Guelph CAN"]
[Date "2025.08.05"]
[Round "7.4"]
[White "Liang, Jason"]
[Black "Plotkin, Mark"]
[Result "1-0"]
[WhiteElo "2409"]
[BlackElo "2361"]
[WhiteFideId "-1"]
[WhiteFideId "-1"]
[PlyCount "81"]
[GameId "2207498651516928"]
[EventDate "2025.08.01"]
[EventType "swiss"]
[EventRounds "9"]
[EventCountry "CAN"]

1. e4 g6 2. d4 Bg7 3. Nf3 d6 4. Be2 a6 5. O-O Nf6 6. Nc3 O-O 7. a4 Nc6 8. a5 e5 9. d5 Ne7 10. Nd2 Nd7 11. Na4 f5 12. b4 Nf6 13. c4 fxe4 14. Nc3 Nf5 15. Ndxe4 Nd4 16. Bg5 Bf5 17. Bd3 Qd7 18. Bxf6 Bxf6 19. Ne2 Nxe2+ 20. Qxe2 c6 21. Rad1 cxd5 22. Nxf6+ Rxf6 23. Bxf5 gxf5 24. Rxd5 Qc6 25. Rfd1 Re8 26. b5 axb5 27. cxb5 Qc7 28. Qd2 Ree6 29. Rc1 Qd7 30. b6 Rg6 31. Qa2 f4 32. Rc7 Qd8 33. Qc2 Qg5 34. f3 Rh6 35. Rxb7 Re8 36. Rxd6 e4 37. Qc4+ Kh8 38. Qd4+ Kg8 39. Rdd7 Rg6 40. Qc4+ Rge6 41. Qxe6+ 1-0

[Event "Royal City Masters"]
[Site "Guelph CAN"]
[Date "2025.08.05"]
[Round "7.5"]
[White "Yang, Larry"]
[Black "Posthuma, Joshua"]
[Result "0-1"]
[WhiteElo "2108"]
[BlackElo "2380"]
[WhiteFideId "-1"]
[WhiteFideId "-1"]
[PlyCount "80"]
[GameId "2207498936758272"]
[EventDate "2025.08.01"]
[EventType "swiss"]
[EventRounds "9"]
[EventCountry "CAN"]

1. e4 c6 2. d4 d5 3. e5 c5 4. dxc5 e6 5. c3 Nd7 6. Nf3 Bxc5 7. Nbd2 Qc7 8. Nb3 Bb6 9. Bf4 Ngf6 10. Bb5 O-O 11. Bxd7 Bxd7 12. Nbd4 Ne4 13. O-O f6 14. h3 g5 15. Bh2 f5 16. Nd2 f4 17. Nxe4 dxe4 18. Re1 Qxe5 19. Nf3 Qd5 20. Rxe4 Qxe4 21. Qxd7 h6 22. Re1 Qd5 23. Qa4 Rad8 24. Ne5 Qd2 25. Rf1 Bxf2+ 26. Rxf2 Qe1+ 27. Rf1 Qxe5 28. Qc2 Qe3+ 29. Kh1 Qd3 30. Qf2 Qe3 31. Qc2 Kg7 32. Bg1 Qd3 33. Qc1 f3 34. Bd4+ Rxd4 35. cxd4 fxg2+ 36. Kxg2 Qxf1+ 37. Qxf1 Rxf1 38. Kxf1 Kf6 39. Kf2 Kf5 40. Kf3 h5 0-1

[Event "Royal City Masters"]
[Site "Guelph CAN"]
[Date "2025.08.05"]
[Round "7.7"]
[White "Song, Edward"]
[Black "Perez Rodriguez, Luis Manuel"]
[Result "1/2-1/2"]
[WhiteElo "2395"]
[BlackElo "2318"]
[WhiteFideId "-1"]
[WhiteFideId "-1"]
[PlyCount "47"]
[GameId "2209300921224651"]
[EventDate "2025.08.01"]
[EventType "swiss"]
[EventRounds "9"]
[EventCountry "CAN"]

1. e4 e5 2. Nf3 Nc6 3. Bb5 a6 4. Ba4 Nf6 5. O-O Be7 6. d3 b5 7. Bb3 O-O 8. Nc3 d6 9. a3 Na5 10. Ba2 c5 11. Bg5 Be6 12. Bxf6 Bxf6 13. Nd5 Nc6 14. c3 g6 15. Qd2 Kh8 16. h4 Bg7 17. h5 gxh5 18. Qg5 Bg4 19. Qxd8 Raxd8 20. Nh4 Bh6 21. f3 Be6 22. Kf2 Bg5 23. Rh1 Ne7 24. Nxe7 1/2-1/2